Представление документа в формате MARC21

ПолеНазваниеЗначение
  Тип записи a
  Библиографический уровень m
001 Контрольный номер 908f36a3eb5646e687f98892f3d5bc57
005 Дата корректировки 20241001150608.1
040 Источник каталогиз. __
b Код языка каталог. rus
e Правила каталог. PSBO
041 Код языка издания 0_
a Код языка текста rus
080 Индекс УДК __
a Индекс УДК 796.3(04)
090 Шифры __
c Каталожный индекс 796.3(04)
a Полочн. индекс N 1667
x Авторский знак К 591
100 Автор 1_
a Автор Козин В.В.
q Полное имя Козин Вадим Витальевич
245 Заглавие 10
a Заглавие Ситуационный подход к тактико-технической подготовке спортивного резерва в командно-игровых видах спорта
b Продолж. заглавия специальность 5.8.5. Теория и методика спорта
b Продолж. заглавия диссертация на соискание ученой степени доктора педагогических наук
c Ответственность Национальный государственный университет физической культуры, спорта и здоровья им. П.Ф. Лесгафта, Санкт-Петербург
260 Выходные данные __
a Место издания Санкт-Петербург
c Дата издания 2023
300 Физическое описание __
a Объем 516 с.
b Иллюстрации/ тип воспроизводства ил.
336 Вид содержания __
a Термин вида содержания Текст
337 Средство доступа __
a Термин типа средства непосредственный
504 Библиография __
a Библиография Библиогр.: с. 378–443
520 Аннотация 0_
a Аннотация В результате исследований разработана концепция ситуационного подхода к тактико-технической подготовке спортивного резерва в командно-игровых видах спорта и обосновано научно-методическое обеспечение, направленное на успешность ее реализации.
650 Тематические рубрики 04
a Предметная рубрика ФИЗКУЛЬТУРА И СПОРТ
650 Тематические рубрики 04
a Предметная рубрика ДИССЕРТАЦИИ
653 Ключевые слова 0_
a Ключевые слова КОМАНДНО-ИГРОВЫЕ ВИДЫ СПОРТА; ТАКТИКО-ТЕХНИЧЕСКАЯ ПОДГОТОВКА; СИТУАЦИОННЫЙ ПОДХОД; СПОРТИВНЫЙ РЕЗЕРВ; ИГРОВЫЕ ВИДЫ СПОРТА
700 Другие авторы 12
a Другие авторы Макеева В.С.
e Роль лиц Официальный оппонент
700 Другие авторы 12
a Другие авторы Максименко И.Г.
e Роль лиц Официальный оппонент
700 Другие авторы 12
a Другие авторы Драндров Г.Л.
e Роль лиц Официальный оппонент
900 Макрообъекты __
a Имя макрообъекта Козин В.В. (дис. 018330)(обл.)
900 Макрообъекты __
a Имя макрообъекта Козин В.В. (дис. 018330)(сод.)
901 Тип документа __
t Тип документа d
952 Тип литературы __
a Тип литературы для КСУ ВШ ДН
999 Фонд __
a Фонд диссертации 2024